000 00558nam a2200205Ia 4500
005 20260429112303.0
008 260429s9999||||xx |||||||||||||| ||und||
020 _a9781639878888
041 _aEnglish
082 _a006.31
_bSCO
100 _aScott, Eric
245 0 _aAutomated machine learning /
_cEric Scott
250 _a1st ed.
260 _aNew York :
_bMurphy & Moore Publishing,
_c2025.
300 _avii, 214 p.; hb
650 _a Artificial intelligence
650 _a Data science
650 _aAutomated machine learning
942 _cTB
999 _c53325
_d53325